Statistics for Classic Co-Stars: Katharine Hepburn and Spencer Tracy

Click here to take the quiz!

General Stats

  • This quiz has been taken 22 times
  • The average score is 5 of 9

Answer Stats

HintAnswer% Correct
1967 - A couple must consider their beliefs when their daughter brings home her African-American fiance.Guess Who's Coming to Dinner
94%
1949 - Married lawyers go head to head on opposite sides of a murder caseAdam's Rib
83%
1942 - Rival reporters struggle to balance their marriage and careersWoman of the Year
67%
1957 - A reference librarian's job is threatened by a computer and its inventorDesk Set
56%
1952 - A lady athlete and a shady promoter look to help each other. Hijinks ensue.Pat and Mike
50%
1948 - A presidential campaign tests an industrialist's politics and marriageState of the Union
33%
1947 - A St. Louis woman marries a cattleman, but their life is far from wedded blissThe Sea of Grass
33%
1945 - A scientist and his assistant grow closer, which can only help their marriageWithout Love
22%
1942 - A reporter digs for the truth when writing the biography of a heroKeeper of the Flame
17%

Score Distribution

Percentile by Number Answered

Percent of People with Each Score

Your Score History

You have not taken this quiz